[Event "XVIII Open"]
[Site "Cappelle la Grande FRA"]
[Date "2002.02.11"]
[Round "3"]
[White "Shneider,A"]
[Black "Bauduin,E"]
[Result "1-0"]
[WhiteElo "2501"]
[BlackElo "2236"]

1.d4 Nf6 2.c4 g6 3.Nc3 Bg7 4.e4 d6 5.Be2 O-O 6.Nf3 e5 7.O-O Na6 8.Re1 c6
9.Bf1 exd4 10.Nxd4 Re8 11.f3 Nc5 12.Be3 a5 13.Qd2 Nfd7 14.b3 Qe7 15.Rad1 Qf8
16.Nde2 Be5 17.g3 f5 18.Bh6 Qf7 19.exf5 gxf5 20.Nd4 Qf6 21.Kh1 Ne6 22.Be3 Re7
23.f4 Bxd4 24.Bxd4 Nxd4 25.Rxe7 Qxe7 26.Qxd4 Nc5 27.Qxd6 Qxd6 28.Rxd6 Bd7
29.Kg1 Re8 30.Kf2 Re7 31.Be2 Be8 32.h3 Bf7 33.g4 a4 34.bxa4 Ne4+ 35.Nxe4 Rxe4
36.Bd3 Rxf4+ 37.Ke3  1-0

[Event "10th Open"]
[Site "Valle d'Aosta ITA"]
[Date "2002.02.11"]
[Round "3"]
[White "Roiz,M"]
[Black "Safranska,A"]
[Result "1-0"]
[WhiteElo "2507"]
[BlackElo "2302"]

1.d4 Nf6 2.Nf3 g6 3.c4 Bg7 4.Nc3 O-O 5.e4 d6 6.Be2 e5 7.Be3 Ng4 8.Bg5 f6
9.Bh4 Qd7 10.d5 Nh6 11.Nd2 c5 12.a3 f5 13.f3 Nf7 14.b4 b6 15.bxc5 bxc5 16.Bd3 Bh6
17.Qe2 a6 18.Rb1 Ng5 19.O-O Qd8 20.Kh1 Qa5 21.Rb3 Nd7 22.exf5 gxf5 23.f4 Nf7
24.Bxf5 Bg7 25.Nce4 Qc7 26.Rg3  1-0

[Event "FSIM February"]
[Site "Budapest HUN"]
[Date "2002.02.12"]
[Round "11"]
[White "Kostic,F"]
[Black "Chevaldonnet,F"]
[Result "1-0"]
[WhiteElo "2280"]
[BlackElo "2254"]

1.d4 Nf6 2.Nf3 g6 3.c4 Bg7 4.Nc3 O-O 5.e4 d6 6.Be2 e5 7.d5 Nbd7 8.Bg5 h6
9.Bh4 g5 10.Bg3 Nh5 11.h4 g4 12.Nh2 Nxg3 13.fxg3 h5 14.O-O Bh6 15.Bxg4 hxg4
16.Nxg4 Bg7 17.Ne3 a5 18.Nf5 Nf6 19.g4 Nh7 20.g5 Nxg5 21.hxg5 Qxg5 22.Qe2 Bh6
23.Rae1 f6 24.Rf3 Bxf5 25.Rxf5 Qg6 26.Ref1 Rf7 27.Qf3 Raf8 28.Ne2 Rg7 29.Kf2 Rh7
30.c5 dxc5 31.Qb3 b6 32.d6+ Qf7 33.Qxf7+ Rfxf7 34.dxc7 Rxc7 35.Nc3 Rcd7 36.Nd5 Kg7
37.Kg3 b5 38.Rh5 Kg6 39.Kg4 Bg5 40.Rxg5+  1-0

[Event "XVIII Open"]
[Site "Cappelle la Grande FRA"]
[Date "2002.02.12"]
[Round "4"]
[White "Nikitin,An"]
[Black "Kurnosov,I"]
[Result "1/2-1/2"]
[WhiteElo "2506"]
[BlackElo "2419"]

1.d4 Nf6 2.c4 g6 3.Nc3 Bg7 4.e4 d6 5.Be2 O-O 6.Nf3 e5 7.Be3 exd4 8.Nxd4 Re8
9.f3 c6 10.Bf2 d5 11.exd5 cxd5 12.c5 Nc6 13.O-O Nh5 14.Qd2 Be5 15.g3 Ng7
16.Rfd1 Be6 17.Bb5  1/2-1/2

[Event "Petrov Mem Open"]
[Site "St Petersburg RUS"]
[Date "2002.02.12"]
[Round "1"]
[White "Razuvajeva,J"]
[Black "Klimov,S"]
[Result "0-1"]
[WhiteElo "2189"]
[BlackElo "2433"]

1.d4 Nf6 2.c4 g6 3.Nf3 Bg7 4.Nc3 O-O 5.e4 d6 6.Be2 e5 7.Be3 h6 8.dxe5 Ng4
9.exd6 Nxe3 10.fxe3 cxd6 11.O-O Bxc3 12.bxc3 Qe7 13.Bd3 Na6 14.Nd4 Nc5 15.Rf4 b6
16.Bc2 Bb7 17.Qg4 h5 18.Nf5 Qe5 19.Qg5 Ne6 20.Ne7+ Kg7 21.Qxe5+ dxe5 22.Rf2 Ba6
23.Nc6 f6 24.Rd2 Rf7 25.Rd6 Bxc4 26.a4 Nc5 27.a5 Nb7 28.Rdd1 Bb5 29.Ba4 Be2
30.Rd2 Bc4 31.Rad1 bxa5 32.Nd8 Rxd8 33.Rxd8 Nxd8 34.Rxd8 Rc7 35.Kf2 Ba2 36.Rd7+ Rxd7
37.Bxd7 Bb1 38.Bc6 a4 39.Bxa4 Bxe4 40.g3 Kf7 41.Ke2 Ke6 42.c4 Kd6 43.Kd2 Kc5
44.Kc3 g5 45.h4 Bf3 46.Be8 gxh4 47.gxh4 f5 48.Bf7 a5 49.Be8 f4 50.exf4 exf4
51.Ba4 Bg4 52.Bc2 f3  0-1

[Event "13th Asian Cities"]
[Site "Aden YEM"]
[Date "2002.02.13"]
[Round "8"]
[White "Faraj,Y"]
[Black "Singh,G"]
[Result "1/2-1/2"]
[WhiteElo "2209"]
[BlackElo "2284"]

1.Nf3 d6 2.d4 Nf6 3.c4 g6 4.Nc3 Bg7 5.e4 O-O 6.Be2 e5 7.d5 a5 8.O-O Na6 9.Ne1 Nc5
10.Qc2 Ne8 11.Nd3 f5 12.Nxc5 dxc5 13.Be3 b6 14.f3 f4 15.Bf2 h5 16.Kh1 g5
17.g3 fxg3 18.Bxg3 h4 19.Be1 Bf6 20.Rg1 Ng7 21.Qc1 Kh7 22.Bd2 Kh6 23.Qe1 Kh7
24.Qc1 Kh6 25.Qe1 Kh7 26.Qc1  1/2-1/2

[Event "XVIII Open"]
[Site "Cappelle la Grande FRA"]
[Date "2002.02.13"]
[Round "5"]
[White "Halkias,S"]
[Black "Mista,A"]
[Result "0-1"]
[WhiteElo "2546"]
[BlackElo "2419"]

1.d4 d6 2.Nf3 g6 3.c4 Bg7 4.Nc3 Nf6 5.e4 O-O 6.Be2 e5 7.Be3 Nbd7 8.O-O exd4
9.Nxd4 Re8 10.f3 c6 11.Bf2 a6 12.Qd2 d5 13.exd5 cxd5 14.cxd5 Nb6 15.Nb3 Nbxd5
16.Rfd1 Bf5 17.Nd4 Nxc3 18.bxc3 Rc8 19.Bf1 Bd7 20.Rab1 Ba4 21.Rdc1 Qd7 22.c4 Rcd8
23.Re1 Rxe1 24.Qxe1 Ng4 25.fxg4 Bxd4 26.Bxd4 Qxd4+ 27.Qf2 Bc6 28.Be2 Qxf2+
29.Kxf2 Rd2 30.Ke3 Rxa2 31.Bf3 a5 32.Kd4 a4 33.Kc5 Rc2 34.Ra1 Bxf3 35.gxf3 Rxh2
36.Rxa4 Rb2 37.g5 Kg7 38.Rb4 Rxb4 39.Kxb4 f6 40.f4 fxg5 41.fxg5 Kf7 42.c5 Ke6
43.Kc4 Ke5 44.Kb5 Ke4 45.Kc4 Ke3 46.Kc3 Kf4 47.Kb4 Kxg5  0-1

[Event "Petrov Mem Open"]
[Site "St Petersburg RUS"]
[Date "2002.02.13"]
[Round "2"]
[White "Lysyj,I"]
[Black "Areshchenko,A"]
[Result "0-1"]
[WhiteElo "2330"]
[BlackElo "2470"]

1.d4 Nf6 2.c4 g6 3.Nc3 Bg7 4.e4 d6 5.Nf3 O-O 6.Be2 Nbd7 7.O-O e5 8.Re1 c6
9.Rb1 exd4 10.Nxd4 Nc5 11.f3 a5 12.Be3 Re8 13.Qd2 Qe7 14.Bf1 Nh5 15.Rbd1 Be5
16.g3 a4 17.Bg2 Bg7 18.Nde2 Bf8 19.g4 Ng7 20.Bf4 Be6 21.Qd4 Rad8 22.Ng3 f6
23.Bf1 Qf7 24.Be3 Be7 25.h3 h5 26.Be2 h4 27.Nf1 f5 28.exf5 gxf5 29.g5 f4
30.Qxf4 Qg6 31.Qh2 Bxg5 32.Qg2 Bxe3+ 33.Nxe3 Qh6 34.Ng4 Bxg4 35.hxg4 Re3
36.Bf1 Rde8 37.Rxe3 Rxe3 38.Qf2 a3 39.b4 Nce6 40.Ne4 Qf4 41.Be2 h3 42.Rd3 h2+
43.Kh1 Rxe4  0-1

[Event "Petrov Mem Open"]
[Site "St Petersburg RUS"]
[Date "2002.02.14"]
[Round "3"]
[White "Slavina,I"]
[Black "Kabanov,N"]
[Result "1/2-1/2"]
[WhiteElo "2358"]
[BlackElo "2457"]

1.d4 Nf6 2.c4 d6 3.Nc3 Nbd7 4.e4 e5 5.Nf3 g6 6.Be2 Bg7 7.O-O O-O 8.Be3 Qe7
9.Qc2 c6 10.Rfe1 Ng4 11.Bg5 Bf6 12.Bxf6 Ngxf6 13.b4 a5 14.a3 Nh5 15.dxe5 dxe5
16.c5 Nf4 17.Bf1 Nf6 18.h3 N6h5 19.Na4 axb4 20.axb4 Qf6 21.Qc3 Re8 22.Nb6 Rxa1
23.Rxa1 Be6 24.Rd1 g5 25.Rd6 Ng6 26.Bc4 Nhf4 27.Qe3 h6 28.b5 Nh4 29.Nxh4 gxh4
30.Bxe6 Rxe6 31.bxc6 bxc6 32.Rxe6 Qxe6 33.Kh2 Kh7 34.Qc3 Qa2 35.Qc4 Qxf2  1/2-1/2

[Event "ch-Serbia"]
[Site "Leskovac YUG"]
[Date "2002.02.16"]
[Round "2"]
[White "Maksimovic,B"]
[Black "Dimovski,N"]
[Result "0-1"]
[WhiteElo "2403"]
[BlackElo "2405"]

1.Nf3 Nf6 2.c4 g6 3.Nc3 Bg7 4.e4 d6 5.d4 O-O 6.Be2 e5 7.Be3 Nc6 8.d5 Ne7
9.Nd2 Ne8 10.O-O f5 11.f3 f4 12.Bf2 Nf6 13.c5 g5 14.cxd6 cxd6 15.a4 h5 16.h3 Ng6
17.Rc1 Rf7 18.Nb5 a6 19.Nc7 Rxc7 20.Bb6 Rxc1 21.Bxd8 Rxd1 22.Rxd1 Bd7 23.Bxf6 Bxf6
24.b3 b5 25.a5 Bd8 26.b4 Rc8 27.Nb3 Rc3 28.Rd3 Rc4 29.Kf1 Rxb4 30.Rc3  0-1

[Event "Petrov Mem Open"]
[Site "St Petersburg RUS"]
[Date "2002.02.16"]
[Round "5"]
[White "Iskusnyh,S"]
[Black "Zakharevich,I"]
[Result "0-1"]
[WhiteElo "2514"]
[BlackElo "2466"]

1.c4 Nf6 2.Nc3 g6 3.e4 d6 4.d4 Bg7 5.Be2 O-O 6.Nf3 e5 7.Be3 c6 8.d5 Na6 9.O-O Ng4
10.Bg5 f6 11.Bh4 c5 12.Ne1 h5 13.Nd3 b6 14.a3 Nc7 15.h3 Nh6 16.b4 Ne8 17.f4 g5
18.fxg5 fxg5 19.Rxf8+ Bxf8 20.Bf2 g4 21.h4 Nf7 22.g3 Bh6 23.Ne1 Qf6 24.Qa4 Qe7
25.Ng2 Bd7 26.Qc2 Qf6 27.Ne3 Qd8 28.Bd3 Nf6 29.Kg2 Nh8 30.Nf5 Bxf5 31.exf5 Nf7
32.Ne4 Kg7 33.Rb1 Qe7 34.bxc5 dxc5 35.Be1 Nxe4 36.Bxe4 Qf6 37.Bc3 Nd6 38.Bd3 Kg8
39.Re1 Re8 40.Qa4 b5 41.cxb5 c4 42.Bxc4 Rc8 43.Rxe5 Rxc4 44.Qb3 Rxc3 45.Qxc3 Bg7  0-1

[Event "TCh2-BEL 2001-2"]
[Site "Belgium BEL"]
[Date "2002.02.17"]
[Round "9"]
[White "Sadkowsky,D"]
[Black "De Jonghe,B"]
[Result "1-0"]
[WhiteElo "2337"]
[BlackElo "2306"]

1.d4 Nf6 2.c4 g6 3.Nc3 Bg7 4.e4 d6 5.Nf3 O-O 6.Be2 e5 7.O-O Nbd7 8.Qc2 exd4
9.Nxd4 Nc5 10.Rd1 Re8 11.f3 a5 12.Ndb5 Bd7 13.Be3 b6 14.Rab1 Bc6 15.b3 Qe7
16.Bf1 Rad8 17.a3 Bxb5 18.Nxb5 c6 19.Nd4 Qb7 20.b4 axb4 21.axb4 Ne6 22.Nxe6 Rxe6
23.Qf2 Nd7 24.g3 Rf8 25.Rb3 b5 26.cxb5 cxb5 27.Ra3 Ne5 28.Ra7 Qc6 29.Rc1 Nc4
30.Bd4 Bxd4 31.Qxd4 Rc8 32.Bh3 f5 33.exf5 Qb6 34.Qxb6 Nxb6 35.Rxc8+ Nxc8
36.Ra8 Re8 37.fxg6 Re1+ 38.Kf2 Rc1 39.Rxc8+ Rxc8 40.gxh7+ Kxh7 41.Bxc8  1-0

[Event "Petrov Mem Open"]
[Site "St Petersburg RUS"]
[Date "2002.02.18"]
[Round "7"]
[White "Ayupov,D"]
[Black "Solovjov,S"]
[Result "1/2-1/2"]
[WhiteElo "2347"]
[BlackElo "2489"]

1.d4 Nf6 2.c4 g6 3.Nc3 Bg7 4.e4 d6 5.Nf3 O-O 6.Be2 e5 7.Be3 Ng4 8.Bg5 f6
9.Bc1 exd4 10.Nxd4 f5 11.Bxg4 fxg4 12.Be3 Nc6 13.Nxc6 bxc6 14.Bd4 Be6 15.O-O Rb8
16.b3 Bxd4 17.Qxd4 Qf6 18.Rad1 Kg7 19.Rfe1 Qe5 20.Qxe5+ dxe5 21.Na4 Rfd8
22.Nc5 Kf6 23.Kf1 Rd6 24.Ke2 a5 25.Ke3 h5 26.Rd2 Ke7 27.Red1 h4 28.g3 g5
29.Nd3 Kf6 30.Nc5 Rbd8 31.Rxd6 cxd6 32.Nb7 Rb8 33.Nxa5 Ra8 34.b4 c5 35.a3 Ra6
36.Kd3 Ke7 37.Kc3 Ra8 38.Rd2 Bg8 39.Kb3 Ra6 40.Rd1 Bh7 41.gxh4 Bxe4 42.hxg5 Ke6
43.Kb2 Ra8 44.Nb3 Bf3 45.Rd2 cxb4 46.axb4 Rh8 47.b5 Rxh2 48.Kc3 Rh5 49.b6 Rxg5
50.c5 d5 51.Na5 d4+ 52.Kc4 g3 53.fxg3 Rxg3 54.b7 Bxb7 55.Nxb7 Rc3+ 56.Kb4 Kd5
57.Rd1 Rc2 58.Kb3 Rc3+ 59.Kb2 Kc6 60.Na5+ Kb5 61.Nb3 Rh3 62.Nxd4+ exd4  1/2-1/2

[Event "Petrov Mem Open"]
[Site "St Petersburg RUS"]
[Date "2002.02.18"]
[Round "7"]
[White "Iskusnyh,S"]
[Black "Sudakova,I"]
[Result "0-1"]
[WhiteElo "2514"]
[BlackElo "2354"]

1.Nf3 Nf6 2.c4 g6 3.Nc3 Bg7 4.e4 d6 5.d4 O-O 6.Be2 e5 7.Be3 Ng4 8.Bg5 f6
9.Bc1 exd4 10.Nxd4 f5 11.exf5 Nxf2 12.Kxf2 Qh4+ 13.g3 Qxd4+ 14.Qxd4 Bxd4+
15.Kg2 Bxf5 16.Bh6 Bg7 17.Bxg7 Kxg7 18.g4 Bd7 19.Kg3 Nc6 20.Rhf1 Nd4 21.Bd3 Rae8
22.Rxf8 Kxf8 23.Kf4 Ne6+ 24.Kg3 Nc5 25.Rf1+ Kg7 26.Bc2 Bc6 27.Kf2 Ne4+ 28.Bxe4 Bxe4
29.Re1 Rf8+ 30.Ke3 Bc6 31.Re2 g5 32.Kd3 Rf3+ 33.Kd2 Kf7 34.Nd1 Rf4 35.Ne3 Bf3
36.Rf2 Be4 37.Re2 c6 38.h4 gxh4 39.Rh2 d5 40.cxd5 cxd5 41.Rxh4 Bg6 42.Rh2 d4
43.Nc4 Ke6 44.g5 Kd5 45.b3 Rg4 46.Re2 Rxg5 47.Re7 b5 48.Na5 Rg2+ 49.Ke1 Rxa2
50.Rxa7 d3 51.Rd7+ Ke6  0-1

[Event "ch-Serbia"]
[Site "Leskovac YUG"]
[Date "2002.02.20"]
[Round "6"]
[White "Maksimovic,B"]
[Black "Arsovic,G"]
[Result "0-1"]
[WhiteElo "2403"]
[BlackElo "2437"]

1.d4 Nf6 2.c4 g6 3.Nc3 Bg7 4.e4 d6 5.Nf3 O-O 6.Be2 e5 7.O-O Na6 8.Be3 Ng4
9.Bg5 Qe8 10.dxe5 dxe5 11.h3 f6 12.Bc1 Nh6 13.Re1 c6 14.Bf1 Nf7 15.b3 Qe7
16.Bb2 Be6 17.Qc1 Bh6 18.Ba3 Bxc1 19.Bxe7 Bb2 20.Na4 Bxa1 21.Bxf8 Kxf8 22.Rxa1 Rd8
23.c5 Nb4 24.Nb2 Ke7 25.Be2 f5 26.exf5 gxf5 27.Nc4 e4 28.Nh4 Rd5 29.Ne3 Rxc5
30.a3 Nd3 31.b4 Re5 32.Bxd3 exd3 33.Nf3 Re4 34.Rd1 f4 35.Nf1 Ne5 36.Ng5 Re2
37.Nd2 Bf5 38.Ngf3 Nxf3+ 39.Nxf3 Be4 40.Nd2 Bd5 41.Nb1 Bb3 42.Rxd3 Re1+ 43.Kh2 Rxb1
44.Rf3 Bc2 45.Rxf4 Rb3 46.a4 Rc3 47.Rh4 c5 48.b5 c4 49.a5 Bd3 50.f4 Rb3 51.g4 c3
52.f5 c2 53.Rxh7+ Kd6  0-1

[Event "Petrov Mem Open"]
[Site "St Petersburg RUS"]
[Date "2002.02.20"]
[Round "9"]
[White "Kruppa,Y"]
[Black "Yandarbiev,R"]
[Result "1-0"]
[WhiteElo "2551"]
[BlackElo "2393"]

1.d4 Nf6 2.c4 g6 3.Nc3 Bg7 4.e4 d6 5.Nf3 O-O 6.Be2 e5 7.Be3 h6 8.O-O Ng4
9.Bc1 Nc6 10.d5 Ne7 11.Nd2 f5 12.Bxg4 fxg4 13.b4 a5 14.bxa5 Rxa5 15.a4 b6
16.Ba3 Ra8 17.Nb5 g5 18.Bb4 Ng6 19.a5 bxa5 20.Rxa5 Rxa5 21.Bxa5 Rf7 22.g3 h5
23.Qb3 Nf4 24.gxf4 gxf4 25.Nxc7 Qh4 26.Kh1 Bh6 27.Ne6 Rb7 28.Bd8 Rxb3 29.Bxh4 Rd3
30.Nb1 Ba6 31.c5 dxc5 32.Nxc5 Rh3 33.Nxa6 Rxh4 34.Nd2 Rh3 35.Rd1 Bf8 36.Nc4  1-0

[Event "Petrov Mem Open"]
[Site "St Petersburg RUS"]
[Date "2002.02.20"]
[Round "9"]
[White "Bogachkov,I"]
[Black "Kochyev,A"]
[Result "0-1"]
[WhiteElo "2348"]
[BlackElo "2410"]

1.d4 Nf6 2.c4 d6 3.Nc3 e5 4.Nf3 Nbd7 5.e4 g6 6.Be2 Bg7 7.O-O O-O 8.Re1 c6
9.Bf1 a5 10.Rb1 Re8 11.d5 Nc5 12.b3 Bd7 13.dxc6 Bxc6 14.Bg5 h6 15.Bxf6 Qxf6
16.Nd5 Qd8 17.Nd2 h5 18.Rb2 Bxd5 19.cxd5 Bh6 20.Nb1 h4 21.a3 Qg5 22.Nc3 Rec8
23.b4 axb4 24.axb4 Na6 25.Nb5 Qd8 26.Qb3 Nc7 27.Nc3 Ne8 28.Nb5 Nf6 29.Qh3 Bc1
30.Rb1 Bg5 31.Bd3 Kg7 32.Red1 Qb6 33.Qf3 Ra2 34.g3 Rxf2 35.Qxf2 Be3 36.Rb2 Bxf2+
37.Rxf2 Ng4  0-1

[Event "ch-Serbia"]
[Site "Leskovac YUG"]
[Date "2002.02.22"]
[Round "8"]
[White "Mozetic,D"]
[Black "Radovanovic,D"]
[Result "1/2-1/2"]
[WhiteElo "2471"]
[BlackElo "2346"]

1.Nf3 Nf6 2.c4 g6 3.Nc3 Bg7 4.e4 d6 5.d4 O-O 6.Be2 e5 7.Be3 Ng4 8.Bg5 f6
9.Bh4 Nc6 10.d5 Ne7  1/2-1/2

[Event "8th Hotel Opatija"]
[Site "Kastav CRO"]
[Date "2002.02.23"]
[Round "2"]
[White "Mukic,J"]
[Black "Levar,N"]
[Result "1-0"]
[WhiteElo "2379"]
[BlackElo "2315"]

1.d4 Nf6 2.Nf3 g6 3.c4 Bg7 4.Nc3 O-O 5.e4 d6 6.Be2 e5 7.O-O Na6 8.Be3 Ng4
9.Bg5 f6 10.Bc1 h5 11.h3 Nh6 12.Be3 Nf7 13.dxe5 dxe5 14.Qb3 c6 15.c5 Qa5
16.Nh4 Kh7 17.Bc4 Nd8 18.Na4 Nc7 19.Rad1 Nce6 20.Rd6 Re8 21.Rfd1 Bf8 22.Rd7+ Bxd7
23.Rxd7+ Bg7 24.Bd2 Nxc5 25.Qg3  1-0

[Event "9th Open Metalis"]
[Site "Bizovac CRO"]
[Date "2002.02.24"]
[Round "7"]
[White "Farago,I"]
[Black "Kuljasevic,D"]
[Result "1-0"]
[WhiteElo "2500"]
[BlackElo "2286"]

1.d4 Nf6 2.c4 g6 3.Nc3 Bg7 4.e4 d6 5.Be2 O-O 6.Nf3 Na6 7.O-O e5 8.Re1 Qe8
9.Bf1 Bg4 10.d5 Nb4 11.Be2 a5 12.Be3 b6 13.b3 Na6 14.Nd2 Bd7 15.Rb1 Kh8 16.Nf1 Ng8
17.Qd2 f5 18.exf5 gxf5 19.f4 Qg6 20.Ng3 Nf6 21.Rf1 exf4 22.Bxf4 Nc5 23.Bd3 Nce4
24.Bxe4 Nxe4 25.Ncxe4 fxe4 26.Be3 Rae8 27.Bd4 Bf5 28.Bxg7+ Kxg7 29.Qd4+ Re5
30.Rbe1 Rf7 31.Rf4 Kg8 32.Nxf5 Rfxf5 33.Rfxe4 Rg5 34.Rxe5 Rxe5 35.Rf1 Re2
36.g3 Qh5 37.Rf2 Rxf2 38.Qxf2 Qd1+ 39.Kg2 Qb1 40.Qe2 Qa1 41.a4 Qc3 42.Qg4+ Kh8
43.Qc8+ Kg7 44.Qxc7+ Kg8 45.Qc8+ Kg7 46.Qd7+ Kg8 47.Qg4+ Kh8 48.Qf3 Qg7 49.Qe3 Qc7
50.h4 Kg7 51.Qg5+ Kf7 52.h5 Qc5 53.Qf5+ Kg7 54.Qe6  1-0

[Event "Open"]
[Site "Malaga ESP"]
[Date "2002.02.25"]
[Round "4"]
[White "Valero Fuertes,C"]
[Black "Damaso,R"]
[Result "0-1"]
[WhiteElo "2175"]
[BlackElo "2412"]

1.d4 d6 2.Nf3 g6 3.c4 Bg7 4.Nc3 Nf6 5.e4 O-O 6.Be2 e5 7.d5 Na6 8.Bg5 h6 9.Bh4 Bd7
10.Nd2 c6 11.g4 Qb8 12.f3 Nc7 13.O-O h5 14.Kh1 cxd5 15.cxd5 b5 16.a3 a5 17.g5 Nh7
18.Bd3 Qd8 19.Rg1 Bh6 20.Qe2 Bxg5 21.Bxg5 Nxg5 22.Rg3 Nh3 23.Bxb5 Nf4 24.Qc4 Nxb5
25.Nxb5 Rc8 26.Qf1 Rc2 27.Rd1 Bxb5 28.Qxb5 Qc7 29.Qf1 Rb8 30.b3 Qc3 31.Nc4 Rxb3
32.Nxd6 Rbb2  0-1

[Event "Anibal Open"]
[Site "Linares ESP"]
[Date "2002.03.01"]
[Round "1"]
[White "Cheng Xinkai"]
[Black "Beliavsky,A"]
[Result "0-1"]
[WhiteElo "2308"]
[BlackElo "2649"]

1.d4 Nf6 2.c4 g6 3.Nc3 Bg7 4.e4 d6 5.Nf3 O-O 6.Be2 e5 7.O-O Na6 8.d5 Nc5
9.Qc2 a5 10.Bg5 h6 11.Be3 Qe7 12.Nd2 Bd7 13.b3 h5 14.Bg5 Qe8 15.a3 Ng4 16.f3 Bh6
17.Bxh6 Nxh6 18.b4 Na6 19.Rab1 axb4 20.axb4 Qe7 21.Nd1 c5 22.dxc6 bxc6 23.Ne3 Nc7
24.b5 Ne6 25.Nb3 Qg5 26.Qd2 Nf4 27.bxc6 Bxc6 28.Rfc1 Ra3 29.Bd1 Ba4 30.Kh1 Bxb3
31.Qxd6 Ra2 32.Bxb3 Re2 33.g3 Rxe3 34.gxf4 Qxf4  0-1

[Event "ONCE Blind"]
[Site "Linares ESP"]
[Date "2002.03.01"]
[Round "6"]
[White "Martinez Garcia,Jose ESP"]
[Black "Pribeanu,D"]
[Result "1/2-1/2"]
[WhiteElo "2180"]
[BlackElo "2121"]

1.d4 Nf6 2.c4 g6 3.Nc3 Bg7 4.e4 d6 5.Nf3 O-O 6.Be2 e5 7.d5 a5 8.Bg5 h6 9.Bh4 Na6
10.Nd2 Qe8 11.O-O Nh7 12.a3 h5 13.f3 Bd7 14.b3 f5 15.Rb1 Nc5 16.Bf2 Bh6 17.Qc2 Nf6
18.b4 axb4 19.axb4 Na4 20.Bd3 Nxc3 21.Qxc3 Bxd2 22.Qxd2 f4 23.c5 g5 24.c6 bxc6
25.dxc6 Be6 26.b5 g4 27.Bh4 Qg6 28.Kh1 Nh7 29.Qc2 Ra2 30.Rb2 Rxb2 31.Qxb2 Ng5
32.Bxg5 Qxg5 33.Qc2 Kh7 34.Bc4 Bxc4 35.Qxc4 gxf3 36.gxf3 Rg8 37.Qa2 h4 38.Qf2 h3
39.Rg1 Qd8 40.Rxg8 Kxg8 41.Qa2+ Kf8 42.Qe6 Qa8  1/2-1/2

[Event "ch-RUS Girls U20"]
[Site "Vladimir RUS"]
[Date "2002.03.01"]
[Round "1"]
[White "Ovod,E"]
[Black "Kineva,E"]
[Result "1-0"]
[WhiteElo "2355"]
[BlackElo "2175"]

1.d4 Nf6 2.c4 g6 3.Nc3 Bg7 4.e4 O-O 5.Nf3 d6 6.Be2 e5 7.O-O Nbd7 8.Be3 h6
9.h3 Nh7 10.Qd2 exd4 11.Nxd4 Ng5 12.f4 Nh7 13.Rad1 Re8 14.Bf3 Nc5 15.b4 Ne6
16.Nb3 Nf6 17.f5 gxf5 18.exf5 Ng5 19.Bxg5 hxg5 20.Qxg5 Re5 21.g4 Qe8 22.Nd5 Nh7
23.Qh4 Qd7 24.f6 Bf8 25.Rfe1 c6 26.Rxe5 dxe5 27.Be4  1-0

[Event "Anibal Open"]
[Site "Linares ESP"]
[Date "2002.03.03"]
[Round "3"]
[White "Nielsen,PH"]
[Black "Vassallo,M"]
[Result "1-0"]
[WhiteElo "2642"]
[BlackElo "2440"]

1.d4 Nf6 2.Nf3 g6 3.c4 Bg7 4.Nc3 O-O 5.e4 d6 6.Be2 e5 7.O-O exd4 8.Nxd4 Re8
9.f3 c6 10.Kh1 Nh5 11.g4 Nf6 12.Be3 h5 13.g5 Nh7 14.Qd2 Na6 15.Rad1 Qe7 16.Rg1 Nf8
17.Bf1 Nd7 18.b3 Ne5 19.Bg2 Nc5 20.Qc2 a5 21.f4 Ned7 22.Rge1 Nf8 23.h3 f6
24.gxf6 Qxf6 25.Qf2 Qf7 26.Nde2 a4 27.Rxd6 axb3 28.Bxc5 bxa2 29.Ra1 Qxc4
30.Bd4 Qb4 31.e5 Be6 32.Ne4 Ra3 33.N2c3 Rb3 34.Rxa2 Rb1+ 35.Kh2 Rc1 36.Rb2 Qa3
37.Rxb7 Bf5 38.e6  1-0

[Event "ch-RUS Boys U20"]
[Site "Vladimir RUS"]
[Date "2002.03.03"]
[Round "3"]
[White "Klyashtorny,V"]
[Black "Farakhov,R"]
[Result "0-1"]
[WhiteElo "2327"]
[BlackElo "2307"]

1.d4 Nf6 2.c4 g6 3.Nc3 Bg7 4.e4 d6 5.Nf3 O-O 6.Be2 e5 7.O-O Nh5 8.Re1 Nf4
9.Bf1 Bg4 10.d5 f5 11.Re3 Nd7 12.h3 Bh5 13.g3 Nc5 14.exf5 gxf5 15.gxf4 e4
16.Be2 exf3 17.Bxf3 Bg6 18.Bg2 a6 19.Rb1 Qh4 20.b4 Ne4 21.Nxe4 fxe4 22.Rg3 e3
23.Rb3 Qxf4 24.Bxe3 Qxc4 25.Rg4 Qc2 26.Qxc2 Bxc2 27.Rc3 Bf5 28.Rg5 Rf7 29.Bd4 Bg6
30.Bxg7 Kxg7 31.h4 Kh6 32.Rg4 Re8 33.f3 Re1+ 34.Kf2 Rd1 35.Rg5 Rd4 36.Kg3 Rxb4
37.Rb3 Rxb3 38.axb3 Re7 39.Kg4 Re2 40.Bh3 Bb1 41.Kf4 Rh2 42.Kg3 Rb2 43.Kf4 Rxb3
44.h5  0-1

[Event "ch-RUS Girls U20"]
[Site "Vladimir RUS"]
[Date "2002.03.03"]
[Round "3"]
[White "Dordzhieva,N"]
[Black "Kineva,E"]
[Result "0-1"]
[WhiteElo "2123"]
[BlackElo "2175"]

1.d4 Nf6 2.c4 g6 3.Nc3 Bg7 4.e4 O-O 5.Nf3 d6 6.Be2 e5 7.O-O Nbd7 8.h3 h6
9.Be3 exd4 10.Nxd4 Re8 11.Bf3 Nc5 12.Qc2 a5 13.Rfe1 Nh7 14.Rad1 Ng5 15.Bxg5 hxg5
16.Nb3 Nd7 17.Bg4 Ne5 18.Bxc8 Qxc8 19.Nd5 g4 20.hxg4 Nxg4 21.c5 Qd8 22.cxd6 cxd6
23.Nd4 Rc8 24.Qb3 Qh4 25.Qg3 Qxg3 26.fxg3 Rc4 27.Nb5 Rcxe4 28.Rxe4 Rxe4 29.Ndc3 Rb4
30.b3 Be5 31.Rd3 a4 32.bxa4 Rb2 33.Kf1 Rf2+ 34.Kg1 Rc2 35.Kf1 Nf6 36.Nd5 Nh5
37.Nf4 Nxg3+ 38.Rxg3 Bxf4 39.Rd3 Rxa2 40.Nxd6 Bxd6 41.Rxd6 Rxa4 42.Rb6 Ra7
43.Kf2 Kf8 44.Ke3 Ke8 45.g3 Kd8 46.Kd4 Ra4+ 47.Ke3 Ra7 48.Kd4 Kc8 49.Rf6 b5
50.Kc5 Rb7 51.Kb4  0-1

[Event "Cupa Martisor Open"]
[Site "Bucharest ROM"]
[Date "2002.03.05"]
[Round "7"]
[White "Ciortan,M"]
[Black "Draica,I"]
[Result "1/2-1/2"]
[WhiteElo "2018"]
[BlackElo "2014"]

1.d4 Nf6 2.c4 g6 3.Nc3 Bg7 4.e4 d6 5.Nf3 O-O 6.Be2 e5 7.dxe5 dxe5 8.Qxd8 Rxd8
9.Bg5 Re8 10.Rd1 Na6 11.h3 c6 12.O-O Nc5 13.Nd2 Ne6 14.Be3 b6 15.Ndb1 Bb7
16.Rd2 Bf8 17.Rfd1 Bc5 18.Bxc5 Nxc5 19.f3 Ne6 20.Kf2 Nd4 21.Bd3 c5 22.Nd5 Nxd5
23.cxd5 b5 24.b3 Rec8 25.Na3 a6 26.Rc1 Kf8 27.Nc2 Ke7 28.Nxd4 cxd4 29.Rdc2 Rxc2+
30.Rxc2 Rc8 31.Rxc8 Bxc8 32.b4 Bd7 33.g4 g5 34.Ke2 Kd6 35.Kd2 f6 36.Kc2 h6
37.Kb3 Be8 38.a3 Bd7 39.Kc2 Be8 40.Kb3 Bd7  1/2-1/2

[Event "Anibal Open"]
[Site "Linares ESP"]
[Date "2002.03.06"]
[Round "6"]
[White "Candela Perez,J"]
[Black "Moreno Carnero,J"]
[Result "1/2-1/2"]
[WhiteElo "2399"]
[BlackElo "2503"]

1.d4 Nf6 2.c4 g6 3.Nc3 Bg7 4.e4 d6 5.Nf3 O-O 6.Be2 e5 7.dxe5 dxe5 8.Qxd8 Rxd8
9.Bg5 Nbd7 10.O-O-O Rf8 11.Nd5 c6 12.Ne7+ Kh8 13.Nxc8 Rfxc8 14.Nd2 Bf8 15.Nb3 a5
16.Bg4 Rc7 17.Bxd7 Nxd7 18.Kb1 a4 19.Nc1 a3 20.b3 Nc5  1/2-1/2

[Event "TCh-AUT 2001-2"]
[Site "Dornbirn AUT"]
[Date "2002.03.08"]
[Round "9"]
[White "Ganaus,H"]
[Black "Pilaj,H"]
[Result "1-0"]
[WhiteElo "2364"]
[BlackElo "2318"]

1.d4 Nf6 2.c4 g6 3.Nc3 Bg7 4.e4 d6 5.Nf3 O-O 6.Be2 e5 7.O-O Na6 8.Be3 Ng4
9.Bg5 Qe8 10.h3 h6 11.Bc1 Nf6 12.dxe5 dxe5 13.Be3 Qe7 14.Qc1 Kh7 15.Nd5 Qd8
16.Rd1 Nxe4 17.Nb6 axb6 18.Rxd8 Rxd8 19.Qc2 Nec5 20.g4 e4 21.Nd2 Nb4 22.Qb1 f5
23.a3 Nbd3 24.Ra2 Na4 25.h4 Ndxb2 26.Rxb2 Nxb2 27.h5 Rxa3 28.hxg6+ Kxg6 29.Nf1 Nd3
30.gxf5+ Bxf5 31.Qb5 Ra5 32.Qb3 Kh7 33.Ng3 Bg6 34.Kh2 Be5 35.Qd1 Ra1 36.Qd2 Rd6
37.Qc2 Nxf2 38.c5 Rf6 39.cxb6 cxb6 40.Kg2 Nd3  1-0

[Event "TCh-AUT 2001-2"]
[Site "Dornbirn AUT"]
[Date "2002.03.09"]
[Round "10"]
[White "Ganaus,H"]
[Black "Woeber,F"]
[Result "1/2-1/2"]
[WhiteElo "2364"]
[BlackElo "2189"]

1.d4 Nf6 2.Nf3 g6 3.c4 Bg7 4.Nc3 O-O 5.e4 d6 6.Be2 e5 7.O-O exd4 8.Nxd4 Re8
9.f3 Nc6 10.Be3 Nh5 11.Qd2 f5 12.Rfd1 Nf4 13.Bf1 Ne6 14.Nxc6 bxc6 15.c5 f4
16.Bxf4 Nxc5 17.Rac1 a5 18.Bg5 Bf6 19.Be3 Ne6 20.Bc4 Kh8 21.Ne2 c5 22.Bd5 Ra7
23.b3 Bd7 24.Kh1 Qb8 25.a3 Ra6 26.Bc4 Bb5 27.Qd3 Rb6 28.Rb1 Bg7 29.Bd2 Bxc4
30.bxc4 Rb2 31.Bxa5 Qa7 32.Rxb2 Bxb2 33.Bc3+ Bxc3 34.Qxc3+ Kg8 35.e5 Nd4
36.Nxd4 cxd4 37.Rxd4 Rxe5 38.h3 Qa5 39.Rd3 Qc5 40.Qd4 Qa5 41.Re3 Qc5 42.Qxc5 Rxc5
43.Re4 Kf7 44.Kg1 Ra5 45.Re3 Rc5 46.Re4 Ra5  1/2-1/2

[Event "TCh-CZE 2001-2"]
[Site "CZE"]
[Date "2002.03.10"]
[Round "9"]
[White "Borik,O"]
[Black "Michalek,J"]
[Result "1/2-1/2"]
[WhiteElo "2413"]
[BlackElo "2401"]

1.d4 Nf6 2.c4 g6 3.Nc3 Bg7 4.e4 d6 5.Nf3 O-O 6.Be2 e5 7.O-O exd4 8.Nxd4 Re8
9.f3 c6 10.Kh1 Nbd7 11.Bg5 a5 12.Qd2 a4 13.Bh6 Bh8  1/2-1/2

[Event "TCh-AUT 2001-2"]
[Site "Dornbirn AUT"]
[Date "2002.03.10"]
[Round "11"]
[White "Brestian,E"]
[Black "Vogt,L"]
[Result "1/2-1/2"]
[WhiteElo "2428"]
[BlackElo "2456"]

1.d4 Nf6 2.Nf3 g6 3.c4 Bg7 4.Nc3 O-O 5.e4 d6 6.Be2 e5 7.d5 Nbd7 8.Be3 Ng4
9.Bd2 a5 10.h3 Ngf6 11.Be3 Nc5 12.Nd2 Bd7 13.O-O Ne8  1/2-1/2